| 000 | 00478nam a2200169Ia 4500 | ||
|---|---|---|---|
| 008 | 191130s1957##################000#0#eng## | ||
| 020 | _a439385938 | ||
| 040 |
_aACL _cACL |
||
| 082 | _a823.0083 CLE | ||
| 100 | _aCleary, Beverly | ||
| 245 |
_aHenry and the paper route _cBeverly Cleary; Louis Darling |
||
| 260 |
_aNew York _b[publisher not identified] _c1957 |
||
| 650 | _aShort stories | ||
| 990 | _a91b1a632ac10000c0226af64b5676b87 | ||
| 991 | _a32172 | ||
| 999 |
_c239125 _d239125 |
||